Crafts and Hobbies A-Z Quiz Stats

 Plays Quiz Updated Nov 12, 2016

Also try: Video Games by Mug
Challenge
Share
Tweet
Score 0/24 Timer 05:00
0 Plays Today
% Correct
Archery
99%
Drawing
98.8%
Fishing
98.7%
Legos
97.9%
Ice skating
97.8%
Gardening
97.8%
Knitting
97.6%
Juggling
97.2%
Birdwatching
96.8%
Cooking
96.2%
Pottery
96.1%
Video games
94.4%
% Correct
Origami
93.2%
Quilting
93%
Sporcle
90.8%
Zumba
90.6%
Electronics
88.4%
Whittling
88.3%
Yo-yo
88%
Hang gliding
81.5%
Robotics
79%
Needlepoint
69.5%
Taxidermy
60.7%
Macramé
56.6%

You're not logged in!

Compare scores with friends on all Sporcle quizzes.
OR
Log In

You Might Also Like...

Show Comments

Extras

Top Quizzes Today


Score Distribution

Your Account Isn't Verified!

In order to create a playlist on Sporcle, you need to verify the email address you used during registration. Go to your Sporcle Settings to finish the process.

Report this User

Report this user for behavior that violates our Community Guidelines.

Details: